Countries of the World in 1910 - Statistics

General Stats
  • This quiz has been taken 21 times
    11 since last reset
  • The average score is 42 of 151
Answer Stats
Countries % Correct
German Empire
90%
British Empire
80%
French Empire
80%
Japan
80%
Russian Empire
80%
United States of America
80%
Argentina
70%
Austria Hungary
70%
Brazil
70%
Colombia
70%
Costa Rica
70%
Ottoman Empire
70%
Panama
70%
Spain
70%
Australia
60%
Canada
60%
Chile
60%
Denmark
60%
Ecuador
60%
Guatemala
60%
Honduras
60%
Italy
60%
Jabal Shammar
60%
Mexico
60%
Netherlands
60%
New Zealand
60%
Nicaragua
60%
Norway
60%
Portugal
60%
Romania
60%
Serbia
60%
Switzerland
60%
Venezuela
60%
Afghanistan
50%
Belgian Empire
50%
Bulgaria
50%
Cuba
50%
El Salvador
50%
Great Qing
50%
Greece
50%
Haiti
50%
Montenegro
50%
Paraguay
50%
Persia
50%
Peru
50%
San Marino
50%
South Africa
50%
Sweden
50%
Uruguay
50%
Andorra
40%
Bolivia
40%
Dominican Republic
40%
Egypt
40%
Korea
40%
Liberia
40%
Liechtenstein
40%
Luxembourg
40%
Morocco
40%
Muscat and Oman
40%
Nepal
40%
Siam
40%
Abu Dhabi
30%
Aden
30%
Bhutan
30%
Ethiopia
30%
Finland
30%
Jamaica
30%
Monaco
30%
Newfoundland
30%
Riyadh | Nejd
30%
Tibet
30%
Acre
20%
Asir
20%
Bahamas
20%
Bahrain
20%
Kuwait
20%
Malaysia
20%
Maldives
20%
Malta
20%
Sarawak
20%
Swaziland
20%
Tunisia
20%
Zanzibar
20%
Aussa
10%
Barbados
10%
Bechuanaland
10%
British Raj
10%
Brunei
10%
Bukhara
10%
Ceylon
10%
Crete
10%
Cyprus
10%
Falkland Islands
10%
Gibraltar
10%
Gold Coast
10%
Hyderabad
10%
Nigeria
10%
Nyasaland
10%
Ouaddai
10%
Somaliland
10%
Sudan
10%
Sulu
10%
Tonga
10%
Trinidad and Tobago
10%
Uganda
10%
Angoche
0%
Barotziland | North-Western Rhodesia
0%
Basutoland
0%
Bermuda
0%
British Honduras
0%
Dar Al Kuti
0%
Darfur
0%
Dar Gimr
0%
Dar Masalit
0%
Dar Sila
0%
Dar Tama
0%
Dervish State
0%
French Oceania
0%
Gambia
0%
Gowa
0%
Guernsey
0%
Hong Kong
0%
Isle of Man
0%
Jersey
0%
Kedah
0%
Kelantan
0%
Khiva
0%
Kongo
0%
Leeward Islands
0%
Maurituis
0%
Mbunda
0%
North Borneo
0%
Nri
0%
Perlis
0%
Powo
0%
Saint Helena
0%
Setul Mambang Segara
0%
Seychelles
0%
Sikkim
0%
Straits Settlements
0%
Suez Canal Zone
0%
Terengganu
0%
Togoland
0%
Tristan da Cunha
0%
Trucial States
0%
Union Islands
0%
Wadai
0%
Wallis and Futuna
0%
Western Pacific Territories
0%
Windward Islands
0%
No matching quizzes found
Score Distribution
Percent of People with Each Score
Percentile by Number Answered
Your Score History
You have not taken this quiz since the last reset